00432nam a2200157Ia 45000010006000000050017000060080041000230200015000640400013000790820022000921000039001142450064001532600039002173000011002565460007002672243920240401111140.0140409s9999 xx 000 0 und d a9695030750 cPK-LaUMT aAPC 297.4bMUF-T aMumtaz Mufti = ممتاز مفتی aTelaash = تلاش /cby Mumtaz Mufti = ممتاز مفتی aLahore,Pakistan:bAl-Faisal,c2001 a278 p. aEN